00748 2200169 4500245005000000020002200050250001100072100001500083650001600098005001900114260004400133041001400177084000800191300002500199500034500224336000900569 aSurga yang Tak Dirindukan 2cAsma NadiahText a978-602-9055-52-8 aCet. 1 aAsma Nadia aNovel Fiksi a20231003112023 aDepokbAsmaNadia Publishing Housec2016 aIndonesia a813 a356 hlm. :c20.5 cm. aKenangan mengembalikan kita pada cinta, keikhlasan mengembalikan kita pada kehidupan. Itu pula yang menyatukan dua perempuan yang tadinya berdiri pada posisi berlawanan, Arini dan Mei Rose. Bukan kembali menatap cinta yang melulu bicara ternyata nafsu dan kefanaan, tapi pada hakikat bagaimana meletakkan cinta sejati di tempat yang hakiki. atext